| 000 | 00372nam a22001577a 4500 | ||
|---|---|---|---|
| 005 | 20251108172620.0 | ||
| 008 | 250721s9999 xx 000 0 eng d | ||
| 082 | 1 | 4 | _aFGAL |
| 100 | 1 | _aGalford, Ellen | |
| 245 | 1 | 4 | _aThe First of birde / |
| 264 | 1 |
_aLondon : _bThe womens press, |
|
| 300 | _a228 p | ||
| 650 | 1 | 7 | _aEnglish Fiction |
| 942 |
_2ddc _cBK |
||
| 999 |
_c84089 _d84089 |
||